LDR 00802naa#a2200193#i#450# 001 EN\\bibl\120405 005 20260419092601.7 011 ## _a2782-4586 100 ## _a20260331b2026####ek#y0engy0150####ca 102 ## _aRU 200 1# _aEpistemology of forced labor systems in the context of neo-feudal transformation: structural and functional analysis of permanent mechanisms of exploitation in the Colombian society of the postcolonial period _eJournal article 210 1# _aMoscow _cITBO University _d2026 215 ## _a14 с. 608 ## _aJournal article _2local 675 ## _aЭкономические науки в целом. Политическая экономия. 330 _z 700 #1 _aAksinina _gOl'ga Sergeevna 700 #1 _aPetrov _gSergey Aleksandrovich 700 #1 _aKorolev _gAndrey Andreevich 856 4# _azhpi.ru _u